| 000 | 01683nam a2200289 a 4500 | ||
|---|---|---|---|
| 001 | 000023117 | ||
| 005 | 20200930022011.0 | ||
| 008 | 101126s1999 mx r 000 | spa d | ||
| 020 | _a9685087024 | ||
| 082 |
_axxx _bP418c |
||
| 245 | 1 | 0 |
_aPensar las ciencias sociales hoy : _breflexiones desde la cultura / _ccoordinación de Rossana Reguillo Cruz; Raúl Fuentes Navarro. |
| 260 |
_aTlaquepaque : _bITESO, _c1999. |
||
| 300 |
_a250 p. ; _c23 cm. |
||
| 500 | _aIncluye notas al pie de páginas | ||
| 505 |
_tCiencias sociales, globalización y paradigmas / _rRenato Ortiz _tDe cómo Clifford Geetz y Pierre Bourdieu llegaron al exilio / _rNéstor García Canclini _tLa importacia estratégica de los estudios culturales en el campo de la ciencias sociales / _rGilberto Giménez _tLas culturas emergentes en las ciencias sociales / _rRossana Reguillo _tInterculturalidad y estados nacionales / _rJosé Manuel Valenzuela Arce _tLa reconfiguración de la sociedad y política : compromisos y desafíos para las ciencias sociales / _rJuan Manuel Ramírez Sáiz _tPolíticas científicas y ciencias sociales / _rLarissa Adler-Lomnitz _tInstitucionalización y posdisciplinarización de las ciencias sociales en México / _rRaúl Fuentes Navarro |
||
| 700 | 1 |
_aFuentes Navarro, Raúl _933900 |
|
| 700 | 1 |
_aOrtiz, Renato _947587 |
|
| 700 | 1 |
_aGarcía Canclini, Néstor _947588 |
|
| 700 | 1 |
_aGiménez, Gilberto _947589 |
|
| 700 | 1 |
_aReguillo Cruz, Rossana _947590 |
|
| 700 | 1 |
_aValenzuela Arce, José Manuel _947591 |
|
| 700 | 1 |
_aRamírez Sáiz, Juan Manuel _947592 |
|
| 700 | 1 |
_aAdler-Lomnitz, Larissa _947593 |
|
| 700 | 1 |
_aFuentes Navarro , Raúl _933900 |
|
| 049 | _aBNGR | ||
| 999 |
_c22614 _d22614 |
||
| 040 | _aDO-SdBNP | ||